An introduction to fluid dynamics / (Record no. 29732)

000 -LEADER
fixed length control field 00409 a2200157 4500
003 - CONTROL NUMBER IDENTIFIER
control field NUST
005 - DATE AND TIME OF LATEST TRANSACTION
control field 20180118123934.0
008 - FIXED-LENGTH DATA ELEMENTS--GENERAL INFORMATION
fixed length control field 180118b xxu||||| |||| 00| 0 eng d
020 ## - INTERNATIONAL STANDARD BOOK NUMBER
International Standard Book Number 8185618240
020 ## - INTERNATIONAL STANDARD BOOK NUMBER
International Standard Book Number 9788185618241
082 ## - DEWEY DECIMAL CLASSIFICATION NUMBER
Classification number 532.05
100 1# - MAIN ENTRY--PERSONAL NAME
Personal name Batchelor, G. K.
9 (RLIN) 8746
245 13 - TITLE STATEMENT
Title An introduction to fluid dynamics /
Statement of responsibility, etc. G. K. Batchelor.
260 ## - PUBLICATION, DISTRIBUTION, ETC.
Place of publication, distribution, etc. [S.l.] :
Name of publisher, distributor, etc. Foundation Books,
Date of publication, distribution, etc. 2005.
300 ## - PHYSICAL DESCRIPTION
Extent 635 p.
700 ## - ADDED ENTRY--PERSONAL NAME
Personal name Batchelor, G. K.
9 (RLIN) 8746
942 ## - ADDED ENTRY ELEMENTS (KOHA)
Institution code [OBSOLETE] SNS
Koha item type Book
Call number prefix 532.05 BAT
Source of classification or shelving scheme
Holdings
Withdrawn status Lost status Damaged status Not for loan Permanent Location Current Location Date acquired Total Checkouts Full call number Barcode Date last seen Price effective from Koha item type
        School of Natural Sciences (SNS) School of Natural Sciences (SNS) 05/26/2016   532.05 BAT SNS0001619 05/26/2016 05/26/2016 Book
© 2023 Central Library, National University of Sciences and Technology. All Rights Reserved.